Statistics for F1 World Champions

Click here to take the quiz!

General Stats

  • This quiz has been taken 32 times
  • The average score is 64 of 73

Answer Stats

YearName% Correct
1988Ayrton Senna
96%
1990Ayrton Senna
96%
1991Ayrton Senna
96%
1951Juan Manuel Fangio
96%
1954Juan Manuel Fangio
96%
1955Juan Manuel Fangio
96%
1956Juan Manuel Fangio
96%
1957Juan Manuel Fangio
96%
2008Lewis Hamilton
96%
2020Lewis Hamilton
96%
2019Lewis Hamilton
96%
2018Lewis Hamilton
96%
2017Lewis Hamilton
96%
2015Lewis Hamilton
96%
2014Lewis Hamilton
96%
2022Max Verstappen
96%
2021Max Verstappen
96%
2004Michael Schumacher
96%
2003Michael Schumacher
96%
2002Michael Schumacher
96%
2001Michael Schumacher
96%
2000Michael Schumacher
96%
1995Michael Schumacher
96%
1994Michael Schumacher
96%
2010Sebastian Vettel
96%
2012Sebastian Vettel
96%
2013Sebastian Vettel
96%
2011Sebastian Vettel
96%
1985Alain Prost
92%
1993Alain Prost
92%
1989Alain Prost
92%
1986Alain Prost
92%
2005Fernando Alonso
92%
2006Fernando Alonso
92%
2009Jenson Button
92%
1982Keke Rosberg
92%
2007Kimi Räikkönen
92%
1999Mika Häkkinen
92%
1998Mika Häkkinen
92%
2016Nico Rosberg
92%
1952Alberto Ascari
88%
1953Alberto Ascari
88%
1996Damon Hill
88%
1968Graham Hill
88%
1962Graham Hill
88%
1997Jacques Villeneuve
88%
1992Nigel Mansell
88%
1961Phil Hill
88%
1975Niki Lauda
85%
1977Niki Lauda
85%
1984Niki Lauda
85%
1960Jack Brabham
81%
1959Jack Brabham
81%
1966Jack Brabham
81%
1973Jackie Stewart
81%
1971Jackie Stewart
81%
1969Jackie Stewart
81%
1983Nelson Piquet
81%
1987Nelson Piquet
81%
1981Nelson Piquet
81%
1974Emerson Fittipaldi
77%
1972Emerson Fittipaldi
77%
1950Giuseppe Farina
77%
1976James Hunt
77%
1979Jody Scheckter
77%
1978Mario Andretti
77%
1970Jochen Rindt
73%
1980Alan Jones
69%
1963Jim Clark
69%
1965Jim Clark
69%
1964John Surtees
69%
1958Mike Hawthorn
65%
1967Denny Hulme
62%

Score Distribution

Percentile by Number Answered

Percent of People with Each Score

Your Score History

You have not taken this quiz